Building the learning organization : Mastering the 5 elements for corporate learning

Bibliographic Details
Main Author: Marquardt, Michael J.
Format: Book
Language:English
Published: Palo Alto : Davies-Black , 2002
Edition:2nd.ed.
Subjects:

MARC

LEADER 00000cam a2200000 7i4500
001 0000020122
005 20090107.0
008 081124s a i eng
020 |a 0891061657 
040 |a INS 
090 0 0 |a HD58.82   |b M37 2002 
100 1 |a Marquardt, Michael J. 
245 1 0 |a Building the learning organization :   |b Mastering the 5 elements for corporate learning   |c Michael J.Marquardt 
250 |a 2nd.ed. 
260 |a Palo Alto :   |b Davies-Black ,   |c 2002 
300 |a xx, 266p. :   |b ill. ;   |c 23cm. 
500 |a Includes index 
504 |a Bibliography: p.251-258 
650 0 0 |a Organizational learning 
999 |a 0000020285   |b BOOK   |c Open Shelf   |e Default branch